1962 1651 1532 1231 1120 1026 1190 1427 1803 1600 1042 1121 1780 1958 1723 1470 1039 1479 1976 1795 1531 1508 1462 1925 1237 1432 1366 1594 1111 1635 1995 1518 1225 1605 1709 1295 1219 1961 1740 1946 1410 1257 1932 1923 1402 1877 1662 1430 1392 1086 1434 1341 1185 1334 1187 1902 1658 1374 1009 1633 1855 1809 1904 1403 1273 1398 1871 1360 1040 1981 1975 1827 1040 1222 1498 1461 1363 1869 1508 1563 1762 1489 1700 1689 1544 1969 1551 1151 1996 1641 1227 1846 1372 1858 1987 1662 1382 1381 2000 BCNSPRNW ULIB Ver.6.0+V

เปลี่ยนเป็นภาษาไทย

Change to English
 แสดงรายละเอียดบรรณานุกรม
  กลับหน้าหลัก

Brief Record : Get Marc (ISO 2709) : E-mail record : QR code < ปิดหน้าต่าง
LEADER : 00000nam 2200000uu 4500
001    13399113117
003     ULIB
008    110927s2548||||th 000 0 tha d
020    974922454X (2544)
050  4 Q180.55^bก525ก 2544
245 00 การสำรวจค่าใช้จ่ายและบุคลากรทางการวิจัยและพัฒนาของประเทศไทยปี ... =^bNational survey on R&D expenditure and personnel of Thailand /^cกองนโยบายและวางแผนการวิจัย สำนักงานคณะกรรมการวิจัยแห่งชาติ กระทรวงวิทยาศาสตร์ เทคโนโลยีและสิ่งแวดล้อม
246 31 National survey on R&D expenditure and personnel ofThailand
260    [กรุงเทพฯ] :^bโรงพิมพ์ชุมนุมสหกรณ์การเกษตรแห่งประเทศไทย,^c[2543?]-<2548>
300     เล่ม ;^c29 ซม. +^eซีดีรอม 1 แผ่น
500    ปีที่พิมพ์ในเลขเรียกหนังสือเป็นปีที่ปรากฏบนหน้าปกใน
500    ข้อมูลส่วนใหญ่เป็นตาราง
591    LIAD มีปี 2542
591    LICL มีปี 2539, 2542
591    LIMT มีปี 2544
591    LINU มีปี 2542
591    LIPY มีปี 2542, 2544, 2548
591    LIRS มีปี 2542
591    LISI มีปี 2542, 2544
591    LIPT มีปี 2552
650  4 นักวิจัย^zไทย^xค่าใช้จ่าย^vการสำรวจ
650  4 นักวิจัย^zไทย^xค่าใช้จ่าย^vสถิติ
710 2  สำนักงานคณะกรรมการวิจัยแห่งชาติ.^bกองนโยบายและวางแผนการวิจัย
740 02 2001 National survey on R&D expenditure and personnel ofThailand
945    ^p0^l0^i016166
995    ทศพร
999 ^a ทศพร
รายการนี้ยังไม่มีแท็ก
คุณยังไม่ได้ล็อกอิน คุณสามารถมีกิจกรรมร่วมกับเว็บไซต์ได้ แต่ต้องล็อกอินก่อน ::
  ล็อกอิน

รายการสื่อสารสนเทศ

ลำดับที่ ประเภท เลขเรียก/บาร์โค้ด สถานที่ สถานะ
1. วิทยาศาสตร์การแพทย์ และสุขภาพ
วิทยาศาสตร์การแพทย์ และสุขภาพ
Q180.55 ก525ก 2544 ฉ.1 
  Barcode: 016166
ห้องสมุดวิทยาเขตสวรรค์ประชารักษ์
►ส่วนจัดเก็บหนังสือเก่า สปร
บนชั้น
  ขอยืม

BibComment


ยังไม่เคยถูกคอมเมนท์

คอมเมนท์ทรัพยากรรายการนี้
  คอมเมนท์: การสำรวจค่าใช้จ่า..


 Copyright 2026. Bcnsprnw @Library